[Event "Rated Blitz game"]
[Site "?"]
[Date "2021.11.06"]
[Round "?"]
[White "agsjgm"]
[Black "blastol"]
[Result "0-1"]
[WhiteElo "2410"]
[BlackElo "2504"]
[PlyCount "88"]
[EventDate "2021.??.??"]
[EventType "blitz"]

1. e4 e5 2. Nf3 d5 3. Nxe5 Bd6 4. d4 dxe4 5. Nc4 h6 6. Nxd6+ Qxd6 7. Nc3 Nf6 8.
Be3 O-O 9. Be2 Qb4 10. a3 Qa5 11. O-O Qf5 12. Nb5 Na6 13. c4 Qg6 14. Kh1 c6 15.
Nd6 Nc7 16. Nxc8 Raxc8 17. Qa4 a6 18. Qc2 Ne6 19. h3 Ng5 20. Rad1 Rfe8 21. a4
Qf5 22. Kh2 Ne6 23. Qb3 Rc7 24. Rfe1 g5 25. d5 cxd5 26. cxd5 Nf4 27. d6 Rd7 28.
Bf1 N6d5 29. g3 Nxe3 30. fxe3 Nh5 31. Qc2 Qe5 32. Qf2 Rxd6 33. Rxd6 Qxd6 34.
Bc4 Qf6 35. Qe2 Qe5 36. Qxh5 Qxb2+ 37. Re2 Qf6 38. Kg2 Re7 39. Rf2 Qg7 40. Qg4
Rc7 41. Bd5 Qe5 42. Qf5 Qxf5 43. Rxf5 Rc2+ 44. Rf2 Rc5 {Time forfeit} 0-1

[Event "Rated Blitz game"]
[Site "?"]
[Date "2021.11.06"]
[Round "?"]
[White "HDav13"]
[Black "selendic95"]
[Result "1-0"]
[WhiteElo "2556"]
[BlackElo "2659"]
[PlyCount "56"]
[EventDate "2021.??.??"]
[EventType "blitz"]

1. e4 e5 2. Nf3 d5 3. Nxe5 Qe7 4. d4 Nd7 5. Nxd7 Qxe4+ 6. Be2 Bxd7 7. O-O O-O-O
8. Bf3 Qf5 9. c4 Bc6 10. Nc3 Nf6 11. c5 h5 12. b4 g5 13. b5 Bd7 14. Re1 g4 15.
Re5 Qg6 16. Be2 Be6 17. Bd3 Ne4 18. Nxe4 dxe4 19. Bxe4 f5 20. Bxb7+ Kxb7 21.
c6+ Kb8 22. Qa4 Bg7 23. Be3 Bc8 24. d5 a6 25. bxa6 Ka8 26. Rb1 Bxe5 27. Qb5
Bxh2+ 28. Kh1 f4 {Normal} 1-0

[Event "Rated Blitz game"]
[Site "?"]
[Date "2021.11.06"]
[Round "?"]
[White "Josipan_81"]
[Black "RoadToFM-L"]
[Result "0-1"]
[WhiteElo "2586"]
[BlackElo "2590"]
[PlyCount "44"]
[EventDate "2021.??.??"]
[EventType "blitz"]

1. e4 e5 2. Nf3 d5 3. exd5 e4 4. Qe2 Nf6 5. d3 Bb4+ 6. c3 O-O 7. dxe4 Bd6 8.
Bg5 Re8 9. Nbd2 h6 10. Bxf6 Qxf6 11. Qd3 Nd7 12. Be2 Nc5 13. Qc4 b5 14. Qxb5
Ba6 15. Qa5 Bxe2 16. Kxe2 Nxe4 17. Nxe4 Rxe4+ 18. Kf1 Rae8 19. Qxa7 Qf5 20. Qa6
Qxd5 21. Re1 Rxe1+ 22. Nxe1 Qd1 {Normal} 0-1

[Event "Rated Blitz tournament nov21bta"]
[Site "?"]
[Date "2021.11.06"]
[Round "?"]
[White "pasino"]
[Black "Frutek"]
[Result "1-0"]
[WhiteElo "2668"]
[BlackElo "2626"]
[PlyCount "48"]
[EventDate "2021.??.??"]
[EventType "blitz"]

1. e4 e5 2. Nf3 d5 3. d4 dxe4 4. Nxe5 Nd7 5. Nc4 Ngf6 6. Nc3 Bb4 7. Bg5 O-O 8.
Be2 Nb6 9. Nxb6 axb6 10. O-O h6 11. Bxf6 gxf6 12. Nxe4 f5 13. Ng3 f4 14. Nh5
Qg5 15. c3 Bd6 16. Re1 Kh8 17. Bf3 Rg8 18. Kh1 Be6 19. d5 Bd7 20. Qd4+ Kh7 21.
Nf6+ Kg7 22. Nxd7+ Kg6 23. Ne5+ Kh7 24. Nxf7 Rg7 {Normal} 1-0

[Event "Rated Blitz game"]
[Site "?"]
[Date "2021.11.06"]
[Round "?"]
[White "tzup"]
[Black "kahrimao"]
[Result "1-0"]
[WhiteElo "2405"]
[BlackElo "2272"]
[PlyCount "83"]
[EventDate "2021.??.??"]
[EventType "blitz"]

1. e4 e5 2. Nf3 d5 3. Nxe5 dxe4 4. Nc3 Qd4 5. Nc4 Nf6 6. Ne3 Bc5 7. Nb5 Qd8 8.
a4 O-O 9. Be2 a6 10. Nc3 Nc6 11. O-O Nd4 12. Bc4 Be6 13. Bxe6 Nxe6 14. Qe2 Nd4
15. Qd1 c6 16. b3 Qd6 17. d3 exd3 18. Qxd3 Qf4 19. Ned5 Qh4 20. Nxf6+ Qxf6 21.
Ne4 Qf5 22. Nxc5 Qxc5 23. Bb2 Rad8 24. Rad1 Ne6 25. Qe2 Rfe8 26. Rxd8 Rxd8 27.
Rd1 Rxd1+ 28. Qxd1 h6 29. g3 Ng5 30. Kg2 Qf5 31. h4 Qh3+ 32. Kg1 Ne4 33. Qd4
Nf6 34. Qd8+ Kh7 35. Qd3+ Kg8 36. Bxf6 gxf6 37. Qe3 Kg7 38. Qe7 Qg4 39. Qxb7 f5
40. Qxc6 f4 41. Qc3+ Kh7 42. Kg2 {Time forfeit} 1-0

[Event "Rated Blitz game"]
[Site "?"]
[Date "2021.11.06"]
[Round "?"]
[White "AgressiveMode"]
[Black "Fantastic_power06"]
[Result "0-1"]
[WhiteElo "2710"]
[BlackElo "2815"]
[PlyCount "44"]
[EventDate "2021.??.??"]
[EventType "blitz"]

1. e4 e5 2. Nf3 d5 3. Nxe5 Bd6 4. d4 dxe4 5. Nc4 Nc6 6. Nc3 Bf5 7. Be2 Nf6 8.
g4 Bg6 9. h4 h5 10. g5 Ng4 11. d5 Nce5 12. Nxd6+ cxd6 13. Qd4 O-O 14. Nxe4 Re8
15. O-O Bxe4 16. Qxe4 Ng6 17. Qd3 Nxh4 18. Re1 Qb6 19. Qg3 Nf5 20. Qf4 Nd4 21.
Be3 Nxe3 22. fxe3 Nxc2 {Normal} 0-1

[Event "Rated Blitz game"]
[Site "?"]
[Date "2021.11.06"]
[Round "?"]
[White "Azamat-Ulkhanov"]
[Black "SerialDrinker"]
[Result "0-1"]
[WhiteElo "2489"]
[BlackElo "2306"]
[PlyCount "96"]
[EventDate "2021.??.??"]
[EventType "blitz"]

1. e4 e5 2. Nf3 d5 3. Nxe5 Bd6 4. d4 dxe4 5. Qh5 Qe7 6. Bc4 Bxe5 7. Qxe5 Qxe5
8. dxe5 Nc6 9. Bf4 Nge7 10. e6 Bxe6 11. Bxe6 fxe6 12. Bxc7 O-O 13. Nc3 Nd5 14.
Nxd5 exd5 15. Bg3 d4 16. O-O-O Rad8 17. Rhe1 Rfe8 18. Re2 Kf7 19. Rde1 d3 20.
cxd3 Nb4 21. dxe4 Nd3+ 22. Kc2 Nxe1+ 23. Rxe1 Rc8+ 24. Kb1 g5 25. f3 Red8 26.
Rc1 Ke6 27. Bf2 a6 28. Be3 h6 29. a4 Rxc1+ 30. Kxc1 Rd3 31. Bd2 Kf6 32. Kc2 Rd7
33. Bc3+ Ke6 34. Bd2 Rg7 35. Kd1 h5 36. Ke2 g4 37. f4 Rc7 38. Bc3 b5 39. axb5
axb5 40. f5+ Kf7 41. Ke3 Rc4 42. Kf4 b4 43. Bh8 h4 44. b3 Rc2 45. Kxg4 Rxg2+
46. Kxh4 Rxh2+ 47. Kg5 Rxh8 48. e5 Rg8+ {Normal} 0-1

[Event "Rated Blitz game"]
[Site "?"]
[Date "2021.11.06"]
[Round "?"]
[White "bwalmer"]
[Black "khalid_ontawar"]
[Result "1-0"]
[WhiteElo "2478"]
[BlackElo "2497"]
[PlyCount "93"]
[EventDate "2021.??.??"]
[EventType "blitz"]

1. e4 e5 2. Nf3 d5 3. exd5 e4 4. Qe2 Nf6 5. Nc3 Bf5 6. d3 Bb4 7. dxe4 Bxc3+ 8.
bxc3 Bxe4 9. Ba3 Kd7 10. Ne5+ Kc8 11. Nxf7 Qxd5 12. Nxh8 Nc6 13. f3 Bf5 14. Qc4
Qe5+ 15. Be2 Nd5 16. Nf7 Qe6 17. Ng5 Qd7 18. Rd1 Ne3 19. Rxd7 Nxc4 20. Bxc4
Bxd7 21. O-O a6 22. Re1 b5 23. Bd5 Kb7 24. Re7 Rd8 25. Nf7 Rf8 26. Rxd7 Kb6 27.
Bxc6 Kxc6 28. Bxf8 a5 29. Ne5+ Kb6 30. Rxg7 c5 31. Rxh7 a4 32. f4 Ka5 33. Nc6+
Kb6 34. Rh6 b4 35. cxb4 Kb5 36. bxc5 a3 37. g4 Kc4 38. g5 Kc3 39. g6 Kxc2 40.
g7 Kb2 41. g8=Q Ka1 42. Bg7+ Kb1 43. Qb3+ Kc1 44. Qxa3+ Kd2 45. Qc3+ Ke2 46.
Re6+ Kd1 47. Re1# {Normal} 1-0

[Event "Rated Blitz game"]
[Site "?"]
[Date "2021.11.06"]
[Round "?"]
[White "spanner-rt07"]
[Black "Benny_Watts_2005"]
[Result "0-1"]
[WhiteElo "2461"]
[BlackElo "2341"]
[PlyCount "122"]
[EventDate "2021.??.??"]
[EventType "blitz"]

1. e4 e5 2. Nf3 d5 3. d4 dxe4 4. Nxe5 Bd6 5. Bc4 Bxe5 6. dxe5 Qxd1+ 7. Kxd1 Nc6
8. Re1 Bf5 9. Bf4 O-O-O+ 10. Kc1 Nge7 11. Nc3 Ng6 12. Bg3 Ngxe5 13. Bb3 f6 14.
Nxe4 Rhe8 15. f3 Kb8 16. a3 Nd4 17. Bxe5 Nxb3+ 18. cxb3 Rxe5 19. g4 Bxe4 20.
Rxe4 Rxe4 21. fxe4 Rd4 22. Kc2 Rxe4 23. h3 b6 24. Rf1 Re2+ 25. Kc1 Re3 26. h4
Rxb3 27. g5 fxg5 28. hxg5 Rg3 29. Rf5 g6 30. Rf7 Rxg5 31. Rxh7 Kb7 32. Kc2 a5
33. Kc3 Rg4 34. b3 b5 35. Rg7 Kb6 36. Re7 c6 37. Re6 Kc5 38. Re5+ Kd6 39. Re8
Rg3+ 40. Kc2 Kc5 41. Re5+ Kd4 42. Re6 Rg2+ 43. Kd1 c5 44. Rf6 b4 45. axb4 axb4
46. Rf3 g5 47. Ke1 g4 48. Rf5 Kc3 49. Rxc5+ Kxb3 50. Kf1 Rd2 51. Kg1 Kb2 52.
Rc8 g3 53. Rc7 b3 54. Rc8 Kb1 55. Rc7 b2 56. Rc8 Rc2 57. Re8 Rd2 58. Rc8 Rd3
59. Kg2 Ka2 60. Ra8+ Ra3 61. Rb8 b1=Q {Normal} 0-1

[Event "Rated Blitz game"]
[Site "?"]
[Date "2021.11.06"]
[Round "?"]
[White "Golondrina_de_Mordor"]
[Black "Annali-annaliew1979"]
[Result "1-0"]
[WhiteElo "2449"]
[BlackElo "2478"]
[PlyCount "91"]
[EventDate "2021.??.??"]
[EventType "blitz"]

1. e4 e5 2. Nf3 d5 3. exd5 e4 4. Qe2 f5 5. d3 Nf6 6. dxe4 fxe4 7. Nc3 Bb4 8.
Bd2 Bxc3 9. Bxc3 O-O 10. Bxf6 Qxf6 11. Qxe4 Qxb2 12. Rd1 Qc3+ 13. Rd2 Na6 14.
Bd3 Bf5 15. Qd4 Rfe8+ 16. Kd1 Qxd4 17. Nxd4 Bxd3 18. Rxd3 Nc5 19. Rc3 b6 20.
Nc6 a5 21. Re1 Rxe1+ 22. Kxe1 Re8+ 23. Kf1 Rf8 24. f3 g5 25. Ke2 Re8+ 26. Re3
Rf8 27. Re7 Rf7 28. Rxf7 Kxf7 29. Ke3 Kf6 30. Kd4 h5 31. Nxa5 Nd7 32. Nc4 g4
33. fxg4 hxg4 34. Ne3 Kg5 35. c4 Kf4 36. h4 Nc5 37. g3+ Kxg3 38. h5 Nd7 39. h6
Nf6 40. Ke5 Nh7 41. Kf5 Kh4 42. Nxg4 Kh5 43. Nf6+ Kxh6 44. Nxh7 Kxh7 45. Ke6 b5
46. cxb5 {Normal} 1-0

[Event "Rated Blitz game"]
[Site "?"]
[Date "2021.11.06"]
[Round "?"]
[White "jiberwockie"]
[Black "SerialDrinker"]
[Result "1-0"]
[WhiteElo "2410"]
[BlackElo "2298"]
[PlyCount "47"]
[EventDate "2021.??.??"]
[EventType "blitz"]

1. e4 e5 2. Nf3 d5 3. Nxe5 Bd6 4. d4 dxe4 5. Bc4 Bxe5 6. Qh5 Qe7 7. dxe5 Nc6 8.
Nc3 Be6 9. Bb5 g6 10. Qe2 f5 11. h4 Qc5 12. Be3 Qxe5 13. O-O-O Nge7 14. g3 O-O
15. h5 Rad8 16. hxg6 hxg6 17. Bc4 a6 18. Bf4 Qf6 19. Bxc7 Rxd1+ 20. Rxd1 Rc8
21. Rd6 Bxc4 22. Qxc4+ Qf7 23. Rd4 Rxc7 24. Qc5 {Time forfeit} 1-0

[Event "Rated Blitz game"]
[Site "?"]
[Date "2021.11.06"]
[Round "?"]
[White "adamiva5"]
[Black "Annali-annaliew1979"]
[Result "0-1"]
[WhiteElo "2333"]
[BlackElo "2442"]
[PlyCount "50"]
[EventDate "2021.??.??"]
[EventType "blitz"]

1. e4 e5 2. Nf3 d5 3. exd5 e4 4. Qe2 f5 5. d3 Nf6 6. Nbd2 Be7 7. dxe4 fxe4 8.
Nxe4 Nxe4 9. Qxe4 O-O 10. Bd3 Bf5 11. Qc4 Bxd3 12. Qxd3 Bd6 13. O-O Nd7 14. c4
Qe8 15. Re1 Qh5 16. h3 b6 17. Bd2 Rae8 18. Rxe8 Rxe8 19. Re1 Rxe1+ 20. Bxe1 Nc5
21. Qd4 a5 22. b3 h6 23. Bc3 Qg6 24. Nh4 Qb1+ 25. Be1 Qxe1# {Normal} 0-1

[Event "Rated Blitz game"]
[Site "?"]
[Date "2021.11.06"]
[Round "?"]
[White "Maybach77"]
[Black "Tinolaurio2020"]
[Result "1-0"]
[WhiteElo "2469"]
[BlackElo "2320"]
[PlyCount "73"]
[EventDate "2021.??.??"]
[EventType "blitz"]

1. e4 e5 2. Nf3 d5 3. exd5 e4 4. Qe2 f5 5. d3 Nf6 6. Nbd2 Qe7 7. dxe4 fxe4 8.
Nd4 Nxd5 9. Qxe4 Qxe4+ 10. Nxe4 c5 11. Nb5 Na6 12. Bc4 Ndb4 13. O-O Be7 14.
Ned6+ Bxd6 15. Nxd6+ Kd7 16. Rd1 Kc7 17. Bf4 Kb6 18. a4 Nc6 19. Bb5 Na5 20. c3
Be6 21. b4 cxb4 22. cxb4 Nxb4 23. Rac1 Nac6 24. Be3+ Kc7 25. Bc5 a5 26. Re1 Bd5
27. Nf5 Rae8 28. Bd6+ Kb6 29. Bc5+ Kc7 30. Nd6 Rxe1+ 31. Rxe1 Rd8 32. Ne8+ Kc8
33. Nd6+ Kc7 34. Ne8+ Kd7 35. Nxg7 Re8 36. Nxe8 Be6 37. Nf6+ {Normal} 1-0

[Event "Rated Blitz game"]
[Site "?"]
[Date "2021.11.06"]
[Round "?"]
[White "jiberwockie"]
[Black "SerialDrinker"]
[Result "1-0"]
[WhiteElo "2414"]
[BlackElo "2294"]
[PlyCount "33"]
[EventDate "2021.??.??"]
[EventType "blitz"]

1. e4 e5 2. Nf3 d5 3. Nxe5 Bd6 4. d4 dxe4 5. Bc4 Bxe5 6. Qh5 Qe7 7. dxe5 Nc6 8.
Nc3 Be6 9. Bb5 O-O-O 10. Bxc6 bxc6 11. O-O f5 12. Bg5 Qe8 13. Qe2 Rd4 14. Qa6+
Kb8 15. Be3 Bc4 16. Qa5 Qxe5 17. Qxe5 {Normal} 1-0

[Event "Rated Blitz tournament aXv5Bodv"]
[Site "?"]
[Date "2021.11.06"]
[Round "?"]
[White "NguyenDucHoa"]
[Black "Annali-annaliew1979"]
[Result "1-0"]
[WhiteElo "2698"]
[BlackElo "2493"]
[PlyCount "137"]
[EventDate "2021.??.??"]
[EventType "blitz"]

1. e4 e5 2. Nf3 d5 3. d4 dxe4 4. Nxe5 Bd6 5. Nc3 Bxe5 6. dxe5 Qxd1+ 7. Nxd1 Nc6
8. Bf4 Nge7 9. Nc3 Ng6 10. Bg3 Ncxe5 11. Nxe4 O-O 12. O-O-O c6 13. Nd6 Ng4 14.
Be2 Nf6 15. h4 h5 16. Bc4 b5 17. Bb3 a5 18. a4 bxa4 19. Bxa4 Bg4 20. f3 Bd7 21.
Rhe1 c5 22. Bb3 a4 23. Bc4 a3 24. b3 a2 25. Kb2 Bc6 26. Ra1 Bd5 27. Rxa2 Rxa2+
28. Kxa2 Bxc4 29. Nxc4 Nd5 30. Kb2 Ndf4 31. Bxf4 Nxf4 32. g3 Ne6 33. Re5 g6 34.
Nd6 Rd8 35. Ne4 Kg7 36. Nxc5 Nd4 37. f4 Nf5 38. Ne4 Rd1 39. b4 Rg1 40. b5 Rg2
41. b6 Nd4 42. Rc5 Ne6 43. Rc3 Nd8 44. Nd6 Rd2 45. Rd3 Re2 46. b7 Nxb7 47. Nxb7
Kf6 48. Nd6 Ke6 49. Nc4 Kf5 50. Ne5 f6 51. Nd7 Re7 52. c4 Ke4 53. Kc3 g5 54.
Nxf6+ Kf5 55. fxg5 Ra7 56. Nd5 Ra3+ 57. Kd4 Ra8 58. Rf3+ Kg4 59. Re3 Rf8 60.
Nf6+ Kh3 61. Nxh5 Kg4 62. Nf4 Rd8+ 63. Nd5 Ra8 64. c5 Ra4+ 65. Ke5 Ra5 66. Kd6
Ra6+ 67. c6 Ra2 68. Re4+ Kxg3 69. Rf4 {Time forfeit} 1-0

[Event "Rated Blitz tournament XcbYhaN5"]
[Site "?"]
[Date "2021.11.06"]
[Round "?"]
[White "arshiya11389"]
[Black "ahoramahora"]
[Result "1-0"]
[WhiteElo "2390"]
[BlackElo "2410"]
[PlyCount "57"]
[EventDate "2021.??.??"]
[EventType "blitz"]

1. e4 e5 2. Nf3 d5 3. Nxe5 Bd6 4. d4 dxe4 5. Nc4 Nf6 6. Nxd6+ Qxd6 7. Nc3 O-O
8. Be2 Bf5 9. Be3 a6 10. Qd2 Nc6 11. O-O-O Rfd8 12. Kb1 b5 13. Bf4 Qd7 14. d5
Ne7 15. d6 cxd6 16. Qxd6 Ng6 17. Bg3 Qe8 18. Qb6 Nd7 19. Qa5 Nc5 20. Qb4 Ne6
21. Nd5 Rac8 22. h3 Qc6 23. Nc3 a5 24. Qxb5 Qa8 25. Qa6 Qb8 26. Bxb8 Rxb8 27.
Rxd8+ Rxd8 28. Rd1 Rf8 29. g4 {Normal} 1-0

[Event "Rated Blitz game"]
[Site "?"]
[Date "2021.11.06"]
[Round "?"]
[White "dioniwo"]
[Black "geptil"]
[Result "1-0"]
[WhiteElo "2566"]
[BlackElo "2469"]
[PlyCount "67"]
[EventDate "2021.??.??"]
[EventType "blitz"]

1. e4 e5 2. Nf3 d5 3. d4 dxe4 4. Nxe5 Bd6 5. Nc3 Nf6 6. Bg5 O-O 7. Bc4 Nbd7 8.
Ng4 Nb6 9. Bxf6 gxf6 10. Bb3 f5 11. Ne3 Qh4 12. g3 Qh3 13. Qe2 a5 14. a3 a4 15.
Ba2 c6 16. O-O-O Be6 17. Bxe6 fxe6 18. Nc4 Bc7 19. Nxb6 Bxb6 20. Qc4 Qh6+ 21.
Kb1 Kh8 22. Nxa4 Ba7 23. Nc5 Bxc5 24. dxc5 Qf6 25. Rd6 Rfe8 26. Rhd1 Ra5 27.
Rd7 Qe5 28. Rxb7 Rxc5 29. Qb4 Rd5 30. Rc1 Rb5 31. Rxb5 cxb5 32. Rd1 Rc8 33. Rd7
e3 34. Qe7 {Normal} 1-0

[Event "Rated Blitz game"]
[Site "?"]
[Date "2021.11.06"]
[Round "?"]
[White "ValeriyGrinev"]
[Black "RiskyBlitzer"]
[Result "1-0"]
[WhiteElo "2653"]
[BlackElo "2503"]
[PlyCount "101"]
[EventDate "2021.??.??"]
[EventType "blitz"]

1. e4 e5 2. Nf3 d5 3. Nxe5 dxe4 4. Bc4 Qg5 5. Nxf7 Qxg2 6. Rf1 Bg4 7. f3 exf3
8. d4 Be7 9. Bg5 Bxg5 10. Nxg5 f2+ 11. Rxf2 Qxf2+ 12. Kxf2 Bxd1 13. Nf7 Nh6 14.
Nxh8 Nc6 15. Nc3 Bh5 16. Re1+ Kd7 17. Be6+ Kd8 18. Kg3 Ne7 19. Kh4 Be8 20. Rg1
g6 21. Kg5 Nhf5 22. Nf7+ Bxf7 23. Bxf7 Kd7 24. Ne4 h6+ 25. Kf6 Rf8 26. Nc5+ Kc6
27. Ne6 Nd5+ 28. Kxg6 Nfe7+ 29. Kxh6 Rxf7 30. Nd8+ Kd7 31. Nxf7 Nf5+ 32. Kg5
Nfe3 33. c3 c6 34. h4 Nc4 35. Ne5+ Kd6 36. Nxc4+ Ke6 37. h5 Ne7 38. h6 Ng8 39.
h7 Nf6 40. h8=Q Ne4+ 41. Kg6 Kd5 42. Qe5+ Kxc4 43. Qxe4 c5 44. dxc5+ Kb5 45.
Qb4+ Kc6 46. Qc4 a5 47. a4 Kc7 48. Qb5 Kb8 49. Rf1 Ka7 50. Rf7 Kb8 51. Qxb7# {
Normal} 1-0

[Event "Rated Blitz game"]
[Site "?"]
[Date "2021.11.06"]
[Round "?"]
[White "Chomsy"]
[Black "bobbybaer"]
[Result "0-1"]
[WhiteElo "2453"]
[BlackElo "2270"]
[PlyCount "56"]
[EventDate "2021.??.??"]
[EventType "blitz"]

1. e4 e5 2. Nf3 d5 3. Nxe5 Bd6 4. d4 dxe4 5. Nc4 Nc6 6. Nc3 Bb4 7. Be3 Nf6 8.
Be2 O-O 9. O-O Bxc3 10. bxc3 Re8 11. Rb1 Nd5 12. Qd2 Nxe3 13. Qxe3 Qd5 14. a4
b6 15. Rb5 Qd7 16. Rh5 f5 17. g4 g6 18. Rh6 Qf7 19. f4 Be6 20. Ne5 Nxe5 21.
fxe5 Rf8 22. Qf4 fxg4 23. Qxe4 Qg7 24. Rh4 Rxf1+ 25. Bxf1 Rf8 26. Bg2 Qf7 27.
Qe3 Qf4 28. Qxf4 Rxf4 {Normal} 0-1

[Event "Rated Blitz game"]
[Site "?"]
[Date "2021.11.06"]
[Round "?"]
[White "Golondrina_de_Mordor"]
[Black "Annali-annaliew1979"]
[Result "0-1"]
[WhiteElo "2464"]
[BlackElo "2467"]
[PlyCount "72"]
[EventDate "2021.??.??"]
[EventType "blitz"]

1. e4 e5 2. Nf3 d5 3. exd5 e4 4. Qe2 f5 5. d3 Nf6 6. dxe4 fxe4 7. Nc3 Be7 8.
Nxe4 Nxe4 9. Qxe4 O-O 10. Bc4 Bb4+ 11. Kd1 Bd6 12. Bg5 Qe8 13. Qxe8 Rxe8 14.
Re1 Bd7 15. Rxe8+ Bxe8 16. Kd2 Nd7 17. Re1 Bg6 18. Bd3 Bxd3 19. Kxd3 Rf8 20. c4
b6 21. a3 a5 22. Be7 Nc5+ 23. Kc2 Rf4 24. b3 a4 25. b4 Rxc4+ 26. Kb1 Nd3 27.
Re3 Nf4 28. Bxd6 cxd6 29. g3 Nxd5 30. Re8+ Kf7 31. Rb8 Rc3 32. Ng5+ Kg6 33. Ne4
Rxa3 34. Nxd6 Rb3+ 35. Ka2 Nc3+ 36. Ka1 Rb1# {Normal} 0-1

[Event "Rated Blitz tournament n3Sy5Chh"]
[Site "?"]
[Date "2021.11.06"]
[Round "?"]
[White "Podium_TCC"]
[Black "Bis_Kecil_BKD"]
[Result "1-0"]
[WhiteElo "2264"]
[BlackElo "2499"]
[PlyCount "59"]
[EventDate "2021.??.??"]
[EventType "blitz"]

1. e4 e5 2. Nf3 d5 3. Nxe5 dxe4 4. d4 Nd7 5. Nxd7 Bxd7 6. c4 Nf6 7. Nc3 Bd6 8.
c5 Be7 9. Be3 c6 10. Be2 h5 11. Qb3 Qc7 12. O-O-O Be6 13. Bc4 Bxc4 14. Qxc4 O-O
15. h3 b6 16. g4 bxc5 17. dxc5 Rab8 18. g5 Nd5 19. Nxd5 cxd5 20. Rxd5 Qa5 21.
g6 Rb4 22. gxf7+ Rxf7 23. Qc3 Qxa2 24. Qxb4 Qxd5 25. Rd1 Qa2 26. Rd7 Qa1+ 27.
Kc2 a5 28. Qc4 Kf8 29. c6 Qf1 30. Qxf1 {Normal} 1-0

[Event "Rated Blitz game"]
[Site "?"]
[Date "2021.11.06"]
[Round "?"]
[White "Keyanamanizoh"]
[Black "MySnakeDoc"]
[Result "0-1"]
[WhiteElo "2272"]
[BlackElo "2403"]
[PlyCount "152"]
[EventDate "2021.??.??"]
[EventType "blitz"]

1. e4 e5 2. Nf3 d5 3. exd5 e4 4. Nd4 Qxd5 5. Nb3 Nf6 6. Nc3 Qe5 7. d4 Qf5 8. h3
Bd6 9. Nb5 O-O 10. Nxd6 cxd6 11. c4 Nc6 12. Be2 Qg6 13. g4 Re8 14. h4 Bxg4 15.
h5 Qf5 16. h6 g6 17. Be3 Bxe2 18. Qxe2 a5 19. O-O-O a4 20. Nd2 Nb4 21. a3 Nd3+
22. Kb1 Ng4 23. Ka2 Qe6 24. d5 Qe5 25. Nf3 exf3 26. Qxd3 Nxe3 27. fxe3 Qxe3 28.
Rhf1 Re4 29. Rxf3 Qxd3 30. Rdxd3 Rxc4 31. Rde3 Rc7 32. Rf6 Kf8 33. Rxd6 Re8 34.
Rd3 f5 35. Rb6 Rd7 36. Rb4 Re4 37. Rb6 Kf7 38. b3 g5 39. b4 f4 40. d6 g4 41.
Rb5 Kg6 42. Rdd5 Re2+ 43. Kb1 Kxh6 44. Rh5+ Kg6 45. Rhg5+ Kf6 46. Rbf5+ Ke6 47.
Rxf4 Rxd6 48. Rc4 Rd1+ 49. Rc1 Rdd2 50. Rc3 Rg2 51. Rh5 Rb2+ 52. Kc1 Ra2 53.
Kb1 Rab2+ 54. Kc1 Rbf2 55. Re3+ Kf6 56. Rd5 g3 57. Rd6+ Kf5 58. Rd5+ Kf4 59.
Re7 Re2 60. Rf7+ Kg4 61. Rg7+ Kf3 62. Rf5+ Ke3 63. Re7+ Kd4 64. Rxe2 Rxe2 65.
Rf4+ Ke3 66. Rg4 Kf3 67. Rg6 g2 68. Rf6+ Ke3 69. Re6+ Kf2 70. Rxe2+ Kxe2 71.
Kc2 g1=Q 72. Kc3 Qg2 73. Kc4 Qg3 74. Kb5 Qf4 75. Kxa4 Qe4 76. Ka5 Kd3 {Time
forfeit} 0-1

[Event "Rated Blitz tournament n3Sy5Chh"]
[Site "?"]
[Date "2021.11.06"]
[Round "?"]
[White "babeh_catur"]
[Black "Bis_Kecil_BKD"]
[Result "0-1"]
[WhiteElo "2231"]
[BlackElo "2483"]
[PlyCount "66"]
[EventDate "2021.??.??"]
[EventType "blitz"]

1. e4 e5 2. Nf3 d5 3. exd5 e4 4. Qe2 Nf6 5. d3 Be7 6. dxe4 O-O 7. Nc3 c6 8.
dxc6 Nxc6 9. Bd2 Be6 10. O-O-O Rc8 11. Ng5 Nd4 12. Qd3 Ng4 13. Nxe6 fxe6 14.
Be3 e5 15. h3 Nxf2 16. Bxf2 Rxf2 17. Be2 Rxc3 18. bxc3 Ba3+ 19. Kd2 Qg5+ 20.
Ke1 Rxe2+ 21. Qxe2 Nxe2 22. Kxe2 Qxg2+ 23. Kd3 Qf3+ 24. Kc4 Qxe4+ 25. Kb3 Bf8
26. Rhf1 Qc6 27. a4 b5 28. axb5 Qxb5+ 29. Ka2 e4 30. Rfe1 Qc4+ 31. Kb2 a5 32.
Rd4 Ba3+ 33. Kb1 Qxc3 {Normal} 0-1

[Event "Rated Blitz game"]
[Site "?"]
[Date "2021.11.06"]
[Round "?"]
[White "AdamsinKuarejma"]
[Black "dr_xStranger"]
[Result "1-0"]
[WhiteElo "2817"]
[BlackElo "2673"]
[PlyCount "77"]
[EventDate "2021.??.??"]
[EventType "blitz"]

1. e4 e5 2. Nf3 d5 3. exd5 e4 4. Qe2 Nf6 5. Nc3 Be7 6. Nxe4 O-O 7. Nxf6+ Bxf6
8. d4 Qxd5 9. c3 c5 10. dxc5 Nc6 11. Qc4 Qh5 12. Be2 Bg4 13. O-O Ne5 14. Qf4
Rae8 15. Be3 Ng6 16. Qg3 Bh4 17. Nxh4 Bxe2 18. Nxg6 fxg6 19. Rfe1 Bb5 20. h4
Qf5 21. Bd4 Qf7 22. b3 Bc6 23. f3 Rd8 24. Re3 Rfe8 25. Rae1 Rxe3 26. Rxe3 a5
27. Qe5 h6 28. Qe7 Ra8 29. Qd6 a4 30. Re7 Qf8 31. Rxg7+ Qxg7 32. Bxg7 Kxg7 33.
b4 Rf8 34. c4 Rf6 35. Qe5 Kf7 36. b5 Be8 37. Qd5+ Kg7 38. Qxb7+ Rf7 39. c6 {
Normal} 1-0

[Event "Rated Blitz game"]
[Site "?"]
[Date "2021.11.06"]
[Round "?"]
[White "Master202"]
[Black "SerialDrinker"]
[Result "1-0"]
[WhiteElo "2402"]
[BlackElo "2347"]
[PlyCount "73"]
[EventDate "2021.??.??"]
[EventType "blitz"]

1. e4 e5 2. Nf3 d5 3. exd5 e4 4. Qe2 Nf6 5. d3 Be7 6. dxe4 O-O 7. Nc3 Bb4 8.
Bd2 c6 9. O-O-O Re8 10. Qc4 a5 11. Bd3 b5 12. Qd4 c5 13. Qe3 c4 14. Bf1 Bxc3
15. Bxc3 Nxe4 16. Re1 Qxd5 17. Nd2 Bd7 18. Nxe4 b4 19. Nf6+ gxf6 20. Qg3+ Qg5+
21. Qxg5+ fxg5 22. Rxe8+ Bxe8 23. Bf6 Bb5 24. Bxg5 Nc6 25. Be2 Re8 26. Bd1 a4
27. Bd2 a3 28. c3 b3 29. bxa3 bxa2 30. Kb2 Rd8 31. Bg5 Rd5 32. Be3 Ne5 33. a4
Nd3+ 34. Kxa2 Bd7 35. Ka3 Ra5 36. Bb6 Ra6 37. a5 {Time forfeit} 1-0

[Event "Rated Blitz tournament rIEjLoun"]
[Site "?"]
[Date "2021.11.05"]
[Round "?"]
[White "Azizah-BKD"]
[Black "Gendut_BKD"]
[Result "0-1"]
[WhiteElo "2413"]
[BlackElo "2416"]
[PlyCount "34"]
[EventDate "2021.??.??"]
[EventType "blitz"]

1. e4 e5 2. Nf3 d5 3. Nxe5 Bd6 4. d4 dxe4 5. Nc4 Be7 6. Bf4 Nf6 7. c3 O-O 8.
Be2 Bf5 9. Ne3 Bg6 10. Nd2 Bd6 11. Bg3 Nc6 12. O-O Ne7 13. Ndc4 Bxg3 14. fxg3
Nfd5 15. Nxd5 Nxd5 16. Qd2 b5 17. Ne5 a6 {Normal} 0-1

[Event "Rated Blitz game"]
[Site "?"]
[Date "2021.11.05"]
[Round "?"]
[White "samqr33"]
[Black "DOOGE228"]
[Result "0-1"]
[WhiteElo "2392"]
[BlackElo "2439"]
[PlyCount "38"]
[EventDate "2021.??.??"]
[EventType "blitz"]

1. e4 e5 2. Nf3 d5 3. Nxe5 Bd6 4. d4 dxe4 5. Nc4 Nf6 6. Nxd6+ Qxd6 7. c4 O-O 8.
Nc3 Bg4 9. Be2 Bxe2 10. Kxe2 Nc6 11. Be3 Rad8 12. d5 Ne5 13. Bf4 Rfe8 14. Bxe5
Qxe5 15. h3 c6 16. Qb3 cxd5 17. cxd5 Nxd5 18. Nxd5 Rxd5 19. Rhd1 Rb5 {Normal}
0-1

[Event "Rated Blitz tournament uOuSktKg"]
[Site "?"]
[Date "2021.11.05"]
[Round "?"]
[White "passiwitz"]
[Black "DOOGE228"]
[Result "0-1"]
[WhiteElo "2459"]
[BlackElo "2432"]
[PlyCount "70"]
[EventDate "2021.??.??"]
[EventType "blitz"]

1. e4 e5 2. Nf3 d5 3. Nxe5 Bd6 4. d4 dxe4 5. Nc4 Nf6 6. Be2 O-O 7. O-O Nc6 8.
Be3 Be7 9. c3 Nd5 10. Nbd2 f5 11. Ne5 Be6 12. Nxc6 bxc6 13. Nc4 f4 14. Bc1 Qe8
15. f3 e3 16. Ne5 Bd6 17. c4 Nb6 18. Nxc6 Qxc6 19. d5 Nxd5 20. cxd5 Qxd5 21. b3
Be5 22. Qxd5 Bxd5 23. Rb1 Kf7 24. Bb2 Ke6 25. Rfc1 c6 26. Kf1 a5 27. Ke1 a4 28.
Bxe5 Kxe5 29. Bc4 axb3 30. Bxb3 Rfb8 31. Bxd5 cxd5 32. Rxb8 Rxb8 33. a4 Rb2 34.
Ra1 Rxg2 35. a5 Rg1+ {Normal} 0-1